Statistics for MLB Hall of Fame Players who Never Played in the World Series

Click here to take the quiz!

General Stats

  • This quiz has been taken 176 times
  • The average score is 11 of 20

Answer Stats

AnswerYears PlayedPositionGames PlayedTeam(s)% Correct
Position PlayersKen Griffey Jr1989-2010OF2671Seattle Mariners, Cincinnati Reds
95%
Position PlayersErnie Banks1953-19711B/SS2528Chicago Cubs
88%
Position PlayersFrank Thomas1990-2008DH/1B2322Chicago White Sox, Oakland Athletics, Toronto Blue Jays
77%
Position PlayersRod Carew1967-19851B/2B2469Minnesota Twins, California Angels
74%
Position PlayersEdgar Martinez1987-2004DH/3B2055Seattle Mariners
72%
Position PlayersRyne Sandberg1981-19972B/3B2164Philadelphia Phillies, Chicago Cubs
71%
Position PlayersAndre Dawson1976-1996OF2627Montreal Expos, Chicago Cubs, Boston Red Sox, Florida Marlins
70%
Position PlayersRon Santo1960-19743B2243Chicago Cubs, Chicago White Sox
67%
PitchersRoy Halladay1998-2013P416 (390)Toronto Blue Jays, Philadelphia Phillies
61%
PitchersPhil Niekro1964-1987P864 (716)Milwaukee Braves, Atlanta Braves, New York Yankees, Cleveland Indians, Toronto Blue Jays
51%
PitchersFergie Jenkins1965-1983P664 (594)Philadelphia Phillies, Chicago Cubs, Texas Rangers, Boston Red Sox
47%
Position PlayersJoe Torre1960-1977Manager C/1B/3B2209Milwaukee Braves, Atlanta Braves, St. Louis Cardinals, New York Mets
47%
Position PlayersBilly Williams1959-1976OF/1B2488Chicago Cubs, Oakland Athletics
46%
PitchersGaylord Perry1962-1983P777 (690)San Francisco Giants, Cleveland Indians, Texas Rangers, San Diego Padres, New York Yankees, Atlanta Braves, Seattle Mariners, Kansas City Royals
45%
Position PlayersLuke Appling1930-1950SS/3B2422Chicago White Sox
45%
PitchersLee Smith1980-1997P1022 (6)Chicago Cubs, Boston Red Sox, St. Louis Cardinals, New York Yankees, Baltimore Orioles, California Angels, Cincinnati Red, Montreal Expos
30%
Position PlayersGeorge Sisler1915-19301B2055St. Louis Browns, Washington Senators, Boston Braves
27%
PitchersJim Bunning1955-1971P591 (519)Detroit Tigers, Philadelphia Phillies, Pittsburgh Pirates, Los Angeles Dodgers
24%
PitchersTed Lyons1923-1946P694 (484)Chicago White Sox
17%
Position PlayersHarry Heilmann1914-1932OF/1B2147Detroit Tigers, Cincinnati Reds
16%

Score Distribution

Percentile by Number Answered

Percent of People with Each Score

Your Score History

You have not taken this quiz